The arrow of time : A voyage through science to solve time's greatest mystery
Saved in:
| Main Author: | |
|---|---|
| Format: | Book |
| Language: | Undetermined |
| Published: |
New York
Fawcett Columbine
1990
|
| Subjects: | |
| Tags: |
Add Tag
No Tags, Be the first to tag this record!
|
| Institutions: | Trung tâm Học liệu Trường Đại học Cần Thơ |
|---|
| LEADER | 00546nam a2200193Ia 4500 | ||
|---|---|---|---|
| 001 | CTU_81442 | ||
| 008 | 210402s9999 xx 000 0 und d | ||
| 082 | |a 529.2 | ||
| 082 | |b C873 | ||
| 100 | |a Coveney, Peter | ||
| 245 | 4 | |a The arrow of time : | |
| 245 | 2 | |b A voyage through science to solve time's greatest mystery | |
| 245 | 0 | |c Peter Coveney, Roger Highfield | |
| 260 | |a New York | ||
| 260 | |b Fawcett Columbine | ||
| 260 | |c 1990 | ||
| 650 | |a Time | ||
| 904 | |i Trọng Hải | ||
| 980 | |a Trung tâm Học liệu Trường Đại học Cần Thơ | ||